La archivística en México
Guardado en:
| Autor principal: | |
|---|---|
| Autores Corporativos: | , |
| Formato: | Libro |
| Lenguaje: | español |
| Publicado: |
Puebla
BUAP
2003
Puebla Litografía Magno Graf S. A 2003 |
| Edición: | 1a. ed |
| Colección: | Formación Archivística
|
| Materias: | |
| Acceso en línea: | portada |
| Etiquetas: |
Agregar Etiqueta
Sin Etiquetas, Sea el primero en etiquetar este registro!
|
MARC
| LEADER | 00000nam a2200000 a 4500 | ||
|---|---|---|---|
| 001 | UCJ8847 | ||
| 003 | CL-VaPUC | ||
| 008 | 070124e20030717mx |||||||||||||||||spa|d | ||
| 020 | |a 9688635413 | ||
| 082 | 0 | 4 | |a 025 |b ISL |2 21 |
| 100 | 0 | |a Islas Pérez, María Estela |e author |9 518310 | |
| 110 | 2 | |a Red Nacional de Archivos de Institutciones de Educación Superior |e author |9 518311 | |
| 710 | 2 | |a Archivo Histórico de la Benémerita Universidad Autónoma de Puebla |e author |9 518312 | |
| 245 | 1 | 3 | |a La archivística en México |
| 250 | |a 1a. ed | ||
| 300 | |a 205 p | ||
| 942 | |c BK | ||
| 945 | |d 20070124 00:00:00 |a fvergara | ||
| 260 | |a Puebla |b BUAP |c 2003 | ||
| 260 | |a Puebla |b Litografía Magno Graf S. A |c 2003 | ||
| 500 | |a La autora es maestra en ciencias, egresada del PESTYC del Instituto Politécnico Nacional | ||
| 500 | |a Su experiencia en materia de Archivos va desde el rescate mismo de la documentación y la organización de grupos documentales hasta la búsqueda de un conocimiento teórico | ||
| 500 | |a El libro proporciona elementos suficientes para entender el por qué en México no se ha podido desarrollar una cultura archivística que permita una correcta aplicación de las técnicas y métodos archivísticos | ||
| 600 | 0 | 7 | |a ARCHIVO GENERAL DE LA NACION |2 CL-VaPUC |9 518313 |
| 600 | 0 | 7 | |a SISTEMA NACIONAL DE ARCHIVOS |2 CL-VaPUC |9 518314 |
| 600 | 0 | 7 | |a ESCUELA NACIONAL DE BIBLIOTECONOMIA Y ARCHIVONOMIA |2 CL-VaPUC |9 518315 |
| 600 | 0 | 7 | |a ARCHIVO GENERAL DEL PODER EJECUTIVO |2 CL-VaPUC |9 518316 |
| 600 | 0 | 7 | |a UNAM |2 CL-VaPUC |9 518317 |
| 600 | 0 | 7 | |a UNIVERSIDAD AUTONOMA DEL ESTADO DE MEXICO |2 CL-VaPUC |9 518318 |
| 600 | 0 | 7 | |a CONALEP |2 CL-VaPUC |9 518319 |
| 600 | 0 | 7 | |a INSTITUTO DE ESTUDIOS Y DOCUMENTOS HISTORICOS |2 CL-VaPUC |9 518320 |
| 650 | 0 | |a Archivística |9 490081 | |
| 650 | 7 | |a DOCUMENTOS |2 CL-VaPUC |9 366450 | |
| 650 | 0 | |a Archivos |9 322428 | |
| 650 | 7 | |a CONSERVACION |2 CL-VaPUC |9 259519 | |
| 650 | 7 | |a PRESERVACION |2 CL-VaPUC |9 262959 | |
| 650 | 7 | |a DESCRIPCION |2 CL-VaPUC |9 329672 | |
| 650 | 0 | |a Normalización |9 262666 | |
| 650 | 7 | |a FORMACION |2 CL-VaPUC |9 380125 | |
| 650 | 0 | |a Gestión |9 260993 | |
| 650 | 7 | |a RESCATE |2 CL-VaPUC |9 331083 | |
| 650 | 0 | |a Universidades |9 256317 | |
| 651 | 0 | |a México |9 255269 | |
| 856 | 7 | |f UCJ8847_01.jpg |u http://opac.pucv.cl/pucv_img/Img-8500/UCJ8847_01.jpg |q JEPG |2 file |z portada | |
| 583 | |a last modification |c 20171005 12:37:38 |k Rodrigo Vera | ||
| 490 | 0 | |a Formación Archivística | |
| 999 | |c 324496 |d 324494 | ||
| 952 | |0 0 |1 0 |4 0 |6 025_000000000000000_ISL_2003_2003 |7 0 |8 X |9 404718 |a FDOBUD |b FDOBUD |d 2019-11-22 |i 1084879 |o 025 ISL 2003 2003 |p 1084879 |r 2019-11-22 |w 2019-11-22 |y BK_X |k BUD | ||